| 000 | 00354nam a22001337a 4500 | ||
|---|---|---|---|
| 082 |
_a940.5477873 _bPAT _cL-27, P-13 |
||
| 100 |
_aGeorge S. Patton. Jr. _946253 |
||
| 245 | _aWar as I knew It | ||
| 260 |
_aLondon _bW. H. Allen & Co. Ltd |
||
| 300 | _axix, 425 P, : | ||
| 526 |
_a0 _b0 _c0 _d940_547787300000000_PAT |
||
| 650 |
_aMCE _9379 |
||
| 942 |
_2ddc _cBK |
||
| 999 |
_c549615 _d549615 |
||